Sports Quiz

Random Sports or NFL Quiz

NFL Last 400-Yard Passer Per Team Quiz Stats

 Plays Quiz Updated Jan 4, 2018

Challenge
Share
Tweet
Embed
Score 0/32 Timer 07:00
6 Plays Today
Team Quarterback % Correct
Arizona CardinalsCarson Palmer
95.7%
Indianapolis ColtsAndrew Luck
93.9%
New Orleans SaintsDrew Brees
90.6%
Green Bay PackersAaron Rodgers
89.7%
Cincinnati BengalsCarson Palmer
86.3%
Los Angeles ChargersPhilip Rivers
86.2%
Philadelphia EaglesNick Foles
83.8%
New England PatriotsTom Brady
82.8%
Denver BroncosPeyton Manning
82.5%
Pittsburgh SteelersBen Roethlisberger
80%
Dallas CowboysKellen Moore
79.4%
Detroit LionsMatthew Stafford
79%
Houston TexansDeshaun Watson
77.4%
Minnesota VikingsBrett Favre
76.5%
New York GiantsEli Manning
76.2%
Seattle SeahawksRussell Wilson
71.8%
Team Quarterback % Correct
Oakland RaidersDerek Carr
71.4%
Los Angeles RamsMarc Bulger
64%
Washington RedskinsKirk Cousins
62.5%
Kansas City ChiefsMatt Cassel
58.2%
Jacksonville JaguarsMark Brunell
56.6%
Baltimore RavensVinny Testaverde
56.3%
New York JetsVinny Testaverde
56.3%
Atlanta FalconsMatt Ryan
55.2%
Carolina PanthersCam Newton
46.1%
Buffalo BillsDrew Bledsoe
41.3%
Miami DolphinsRyan Tannehill
36.8%
Tampa Bay BuccaneersJameis Winston
34.1%
San Francisco 49ersColin Kaepernick
25.5%
Tennessee TitansRyan Fitzpatrick
21.2%
Cleveland BrownsJosh McCown
15.9%
Chicago BearsJim Miller
13.9%

You're not logged in!

Compare scores with friends on all Sporcle quizzes.
Join for Free
OR
Log In

You Might Also Like...

Show Comments

Extras

Top Quizzes Today


Score Distribution

Your Account Isn't Verified!

In order to create a playlist on Sporcle, you need to verify the email address you used during registration. Go to your Sporcle Settings to finish the process.

Report this User

Report this user for behavior that violates our Community Guidelines.

Details: